| 000 -LEADER |
| fixed length control field |
00750cam a22002294a 4500 |
| 020 ## - INTERNATIONAL STANDARD BOOK NUMBER |
| ISBN |
9780821369135 |
| 020 ## - INTERNATIONAL STANDARD BOOK NUMBER |
| ISBN |
082136913X |
| 020 ## - INTERNATIONAL STANDARD BOOK NUMBER |
| ISBN |
0821369148 (electronic) |
| 020 ## - INTERNATIONAL STANDARD BOOK NUMBER |
| ISBN |
9780804700016 (Stanford hardcover) |
| 040 ## - CATALOGING SOURCE |
| Transcribing agency |
DLC |
| 082 00 - DEWEY DECIMAL CLASSIFICATION NUMBER |
| Classification number |
338 WOR 2007 A073 Or. |
| 245 00 - TITLE STATEMENT |
| Title |
Investor protection and corporate governance : |
| Remainder of title |
firm-level evidence across Latin America / |
| 260 ## - PUBLICATION, DISTRIBUTION, ETC. (IMPRINT) |
| Place of publication |
Washington, DC : |
| Name of publisher |
World Bank, |
| Year of publication |
2007. |
| 300 ## - PHYSICAL DESCRIPTION |
| Number of Pages |
xxi, 557 p. : |
| Other physical details |
ill. ; |
| Dimensions |
23 cm. |
| 490 0# - SERIES STATEMENT |
| Series statement |
Latin American development forum |
| 650 #0 - SUBJECT ADDED ENTRY--TOPICAL TERM |
| Topical Term |
Corporate governance. |
| 650 #0 - SUBJECT ADDED ENTRY--TOPICAL TERM |
| Topical Term |
Investments. |
| 700 1# - ADDED ENTRY--PERSONAL NAME |
| Personal name |
Chong, Alberto. |
| 700 1# - ADDED ENTRY--PERSONAL NAME |
| Personal name |
Lopez-de-Silanes, Florencio. |
| 856 41 - ELECTRONIC LOCATION AND ACCESS |
| Uniform Resource Identifier |
http://www.loc.gov/catdir/toc/ecip0710/2007003700.html |
| 942 ## - ADDED ENTRY ELEMENTS (KOHA) |
| Koha item type |
សៀវភៅភាសាអង់គ្លេស |
| 952 ## - LOCATION AND ITEM INFORMATION (KOHA) |
| Withdrawn status [LOCAL, KOHA] |
0 |